Normal view
MARC view
Entry Personal Name
001 - CONTROL NUMBER
- control field: 9274
003 - CONTROL NUMBER IDENTIFIER
- control field: OSt
005 - DATE AND TIME OF LATEST TRANSACTION
- control field: 20160607192311.0
008 - FIXED-LENGTH DATA ELEMENTS
- fixed length control field: 160607|| aca||aabn | a|a d
040 ## - CATALOGING SOURCE
- Original cataloging agency: OSt
- Transcribing agency: OSt
100 ## - HEADING--PERSONAL NAME
- Personal name: Edited by Knell A.J.
670 ## - SOURCE DATA FOUND
- Source citation: Work cat.: (OSt)973: Edited by Knell A.J., Malaria :, 1991.
